<?xml version="1.0" encoding="UTF-8"?>
<record
    xmlns:xsi="http://www.w3.org/2001/XMLSchema-instance"
    xsi:schemaLocation="http://www.loc.gov/MARC21/slim http://www.loc.gov/standards/marcxml/schema/MARC21slim.xsd"
    xmlns="http://www.loc.gov/MARC21/slim">

  <leader>01923    a2200193   4500</leader>
  <controlfield tag="001">58980</controlfield>
  <controlfield tag="005">20260407155844.0</controlfield>
  <controlfield tag="008">260407a1946    arg                 spa d</controlfield>
  <controlfield tag="003">AR-UNSa-BCEJYS</controlfield>
  <datafield tag="040" ind1=" " ind2=" ">
    <subfield code="a">AR-UNSa-BCEJYS</subfield>
    <subfield code="b">spa</subfield>
    <subfield code="c">AR-UNSa-BCEJYS</subfield>
  </datafield>
  <datafield tag="080" ind1=" " ind2=" ">
    <subfield code="a">338.45:631(82)</subfield>
    <subfield code="x">Industrias Agr&#xED;colas Argentinas</subfield>
  </datafield>
  <datafield tag="245" ind1="1" ind2="0">
    <subfield code="a">Orientaci&#xF3;n econ&#xF3;mica de la Agricultura Argentina</subfield>
  </datafield>
  <datafield tag="264" ind1=" " ind2="1">
    <subfield code="a">Buenos Aires :</subfield>
    <subfield code="b">Losada</subfield>
    <subfield code="c">1946</subfield>
  </datafield>
  <datafield tag="300" ind1=" " ind2=" ">
    <subfield code="a">250 p.</subfield>
    <subfield code="c">21 cm.</subfield>
  </datafield>
  <datafield tag="505" ind1=" " ind2=" ">
    <subfield code="a">1. Panorama general de la evoluci&#xF3;n agr&#xED;cola en lo que va del siglo &#x2013; 2. La agricultura Argentina se ha orientado hacia la especializaci&#xF3;n &#x2013; 3. Los sistemas de producci&#xF3;n que se han seguido no han sido racionales &#x2013; 4. La expansi&#xF3;n de nuestra cerealicultura se debe a los ganaderos &#x2013; 5. La ganader&#xED;a orienta a la Agricultura Argentina &#x2013; 6. Gravitaci&#xF3;n econ&#xF3;mica y social de la orientaci&#xF3;n ganadera sobre el medio rural &#x2013; 7. Influencia de la orientaci&#xF3;n ganadera sobre el r&#xE9;gimen de tenencia de la tierra &#x2013; 8. Los cultivos industriales precursores de una nueva orientaci&#xF3;n agr&#xED;cola &#x2013; 9. Cultivos industriales explotados desde antiguo en el pa&#xED;s &#x2013; 10. Estado actual y perspectiva de los cultivos industriales nuevos &#x2013; 11. El aprovechamiento de ciertas plantas espontaneas con fines industriales &#x2013; 12. La intensificaci&#xF3;n de la horticultura y de la fruticultura &#x2013; 13. Pol&#xED;tica forestal &#x2013; 14. La intensificaci&#xF3;n de la producci&#xF3;n granjera &#x2013; 15. La colonizaci&#xF3;n suburbana &#x2013; 16. Las leyes m&#xE1;s recientes tienden a estimular la nueva orientaci&#xF3;n &#x2013; 17. Posibles proyecciones de orden econ&#xF3;mico como consecuencia del cambio de orientaci&#xF3;n &#x2013; 18. Proyecciones de orden social &#x2013; 19. Influencia de la cultura sobre la evoluci&#xF3;n de la cooperaci&#xF3;n agr&#xED;cola &#x2013; 20. Orientaci&#xF3;n agr&#xED;cola- ganadera vs ganadera- agr&#xED;cola</subfield>
  </datafield>
  <datafield tag="942" ind1=" " ind2=" ">
    <subfield code="c">BK</subfield>
  </datafield>
  <datafield tag="590" ind1=" " ind2=" ">
    <subfield code="a">niveau_biblio:m niveau_hierar:0</subfield>
  </datafield>
  <datafield tag="100" ind1="1" ind2=" ">
    <subfield code="a">Tenembaum, Juan L.</subfield>
  </datafield>
  <datafield tag="999" ind1=" " ind2=" ">
    <subfield code="c">6538</subfield>
    <subfield code="d">6538</subfield>
  </datafield>
  <datafield tag="952" ind1=" " ind2=" ">
    <subfield code="0">0</subfield>
    <subfield code="1">0</subfield>
    <subfield code="4">0</subfield>
    <subfield code="7">0</subfield>
    <subfield code="a">BCEJYS</subfield>
    <subfield code="b">BCEJYS</subfield>
    <subfield code="c">16</subfield>
    <subfield code="d">2026-04-07</subfield>
    <subfield code="l">0</subfield>
    <subfield code="o">338.45:631(82) T292</subfield>
    <subfield code="p">L21565</subfield>
    <subfield code="r">2026-04-07 15:58:44</subfield>
    <subfield code="w">2026-04-07</subfield>
    <subfield code="y">L</subfield>
  </datafield>
  <datafield tag="952" ind1=" " ind2=" ">
    <subfield code="0">0</subfield>
    <subfield code="1">0</subfield>
    <subfield code="4">0</subfield>
    <subfield code="7">0</subfield>
    <subfield code="a">BCEJYS</subfield>
    <subfield code="b">BCEJYS</subfield>
    <subfield code="c">16</subfield>
    <subfield code="d">2026-04-07</subfield>
    <subfield code="l">0</subfield>
    <subfield code="o">338.45:631(82) T292</subfield>
    <subfield code="p">L21564</subfield>
    <subfield code="r">2026-04-07 15:58:44</subfield>
    <subfield code="w">2026-04-07</subfield>
    <subfield code="y">L</subfield>
  </datafield>
</record>
